000 00875nam a22003377a 4500
001 BR0702948
003 BR-BrBNA
005 20230928102444.0
007 ta
008 230509b bl.||||| |||| 00| 0 por d
040 _aBR-BrBNA
_bpor
_cBiblioteca Nacional de Agricultura
041 _a(Por)
072 _aE71; E16
_b9410
_b9490
090 _ 9410 BR0702948
100 1 _aVargas, O.L.
245 1 _aConsolidação setorial dos produtos lácteos no MERCOSUL
260 3 _anp.:
_c[nd].
300 _a71 p.
650 _aLEITE
650 _aINDÚSTRIA ALIMENTÍCIA
650 _aLATICÍNIO
650 _aMERCOSUL
650 _aMERCADO INTERNACIONAL
650 _aCUSTO DE PRODUÇÃO
650 _aCONSUMO
650 _aPRODUTIVIDADE
650 _aDEMANDA
650 _aESTATÍSTICA DE PRODUÇÃO
909 _a202309
_bLucia
_c55
_dLucia Elande
942 _cBK
999 _c70855
_d70855